000 00972nam a2200217Ia 4500
999 _c43718
_d43718
001 10459
003 GE_BSU
005 20221219114856.0
008 181216s1986ge xx |||||||||||||| ||geo||
040 _cGE_BSU
041 _ageo
080 _a821.353.1–3+821.353.1–32 ქ-27
245 _aქართული პროზა:
_bწ.12: მოთხრობები ვაჟა ფშაველა /
_cშემდგ: გ.გვერდწითელი; რ.თვარაძე
264 _aთბილისი :
_bსაბჭოთა საქართველო,
_c1986
300 _a863 გვ;
_b20 სმ.
653 _aქართული პროზა:წ.12:
653 _aმოთხრობები ვაჟა ფშაველა
700 _aგვერდწითელი, გ
_eშემდგენელი
_916473
700 _aთვარაძე, რ
_eშემდგენელი
_914595
942 _cBK
_2udc